000 00646nam a2200217Ia 4500
003 GCL
008 140319s9999 xx 000 0 ara d
040 _aGCL /
_cGCL
082 0 4 _a001.5
_bا ع
100 1 _aاحمد محمد المصرى
245 1 0 _aالعلاقات العامة /
_cاحمد محمد المصرى
260 _a[S.N] :
_bمؤسسة شباب الجامعة ،
_c1983
300 _a131 ص
490 _a
650 0 4 _aادارة الاعمال
650 0 4 _aالاعلام
650 0 4 _aقياس الرأى العام
650 0 4 _aالخدمات العامة
650 0 4 _aالرأى العام
942 _2ddc
_cBK
999 _c58573
_d58573